| 000 | 00476nam a22002057a 4500 | ||
|---|---|---|---|
| 003 | UA-OsUOA | ||
| 001 | 40737 | ||
| 007 | ta | ||
| 008 | 20080625b un ||||| |||| 00| 0 ukr d | ||
| 090 | _a7(477) | ||
| 942 | _cBR | ||
| 040 |
_aUA-OsUOA _beng _cUA-OsUOA _dUA-OsUOA |
||
| 245 |
_aUkrainian Art Exhibit _bJuly 1-31, 1954 |
||
| 300 | _a7 с. | ||
| 955 | _a4 | ||
| 041 | _aeng | ||
| 080 | _a7(477) | ||
| 650 | 7 |
_a7 Мистецтво. Ігри. Спорт. _2UDC |
|
| 999 |
_c439243 _d439243 |
||